I Can't Love You More Than my Hometown - Morgan Wallen Lyrics - Statistics

General Stats
  • This quiz has been taken 174 times
  • The average score is 219 of 321
Answer Stats
Lyric % Correct
a
96%
I
96%
home
94%
love
94%
the
93%
be
92%
more
92%
you
92%
to
91%
than
90%
Girl
89%
girl
89%
so
88%
town
88%
can't
87%
and
85%
we
84%
friends
82%
are
81%
best
81%
like
81%
our
80%
us
79%
when
79%
whole
79%
team
78%
my
77%
sunset
76%
California
75%
down
75%
for
75%
rooting
75%
ain't
74%
beer
74%
mamas
71%
town's
71%
yet
71%
but
70%
of
69%
this
69%
get
68%
21
67%
guy
67%
that
67%
book
65%
end
65%
go
65%
hometown
65%
mornin
65%
gets
63%
hook
63%
last
63%
let
63%
most
63%
settle
63%
sunday
63%
at
62%
bass
62%
em
60%
grow
60%
likely
60%
need
60%
real
59%
cause
58%
deep
58%
hits
58%
just
58%
stop
58%
few
57%
know
57%
plant
57%
up
57%
your
57%
world
56%
in
55%
roots
55%
time
55%
feeling
54%
from
54%
packed
54%
ready
54%
spinnin
53%
bags
52%
blame
52%
dream
52%
all
51%
big
51%
don't
51%
lord
51%
might
51%
pickin
50%
baby
49%
lay
49%
yeah
49%
lights
48%
bound
46%
bright
46%
lost
46%
morning
46%
hallelujah
44%
turnin
44%
called
42%
poor
40%
them
40%
these
40%
some
39%
change
38%
same
38%
heart's
37%
on
36%
stuck
36%
train
36%
kind
35%
runaway
35%
city
34%
black
33%
streets
33%
tracks
33%
got
32%
sky
32%
souls
32%
coffee
30%
shame
30%
cup
29%
eyes
29%
round
29%
not
27%
wild
27%
gas
26%
hill
26%
house
26%
station
26%
think
26%
I'm
25%
with
25%
around
23%
born
23%
map
23%
wasn't
23%
dot
22%
hang
22%
forget
21%
words
21%
onto
20%
help
18%
man
17%
avenues
16%
til
13%
No matching quizzes found
Score Distribution
Percent of People with Each Score
Percentile by Number Answered
Your Score History
You have not taken this quiz